| 000 | 00797nam a2200217 a 4500 | ||
|---|---|---|---|
| 001 | 42978 | ||
| 003 | BD-RjUL | ||
| 005 | 20211209053627.0 | ||
| 008 | 160618s1966 xxu||||| |||| 001 0 ben d | ||
| 035 | _a(BD-RjUL)43096 | ||
| 040 |
_aBD-RjUL _bben _cBD-RjUL |
||
| 041 | _aben | ||
| 082 |
_223 _a338.7 _bRAK 1966 |
||
| 100 |
_aরহমান, আফজালুর _9131988 |
||
| 245 | 1 | 0 |
_aকারবার পদ্ধতি ও পত্রালাপ / _cআফজালুর রহমান |
| 260 |
_aঢাকা : _bপুথিঘর, _c১৯৬৬ [১৩৭৩] |
||
| 300 |
_a৪১৭ পৃ. : _bচিত্র ; _c১৯ সেমি. |
||
| 650 |
_aব্যাবসায় সংগঠন _9131989 |
||
| 650 |
_aBusiness Organization _9131990 |
||
| 942 |
_2ddc _cBK |
||
| 999 |
_c42978 _d42978 |
||